Study and solutions guide to accompany Understandable statistics Brase/Brase /

This book is about: Getting started; Organizing data; Averages and variations; Elementary probability theory; The binomial distribution; ...

Shranjeno v:
Bibliografske podrobnosti
Glavni avtor: Farber, Elizabeth.
Format: Knjiga
Jezik:English
Izdano: Boston : Houghton Mifflin, 1999.
Izdaja:6th ed.
Teme:
Oznake: Označite
Brez oznak, prvi označite!
Thư viện lưu trữ: Mạng thư viện Đại học Đà Nẵng
LEADER 01045cam a2200349 i 4500
001 000049659
003 9669
005 20051111144136.0
008 010406b1999 vm 000 eng
020 |a 0395907748 
040 |a IRC  |c IRC  |d IRC 
041 0 |a eng 
082 1 4 |a 519.5  |b FA-E 
100 1 |a Farber, Elizabeth. 
245 0 0 |a Study and solutions guide to accompany Understandable statistics Brase/Brase /  |c Elizabeth Farber. 
250 |a 6th ed. 
260 |a Boston :  |b Houghton Mifflin,  |c 1999. 
300 |a 419 p. ;  |c 28cm. 
520 3 |a This book is about: Getting started; Organizing data; Averages and variations; Elementary probability theory; The binomial distribution; ... 
630 0 4 |a Mathematics. 
630 0 4 |a Mathematical statistics. 
650 0 4 |a Mathematical statistics. 
OWN |a DUT 
999 |a From the UDN01 
TYP |a Monograph 
TYP |a Printed language 
980 |a Mạng thư viện Đại học Đà Nẵng